IP for 3G(E-BOOK) (Record no. 192652)

000 -LEADER
fixed length control field 01090 a2200361 4500
003 - CONTROL NUMBER IDENTIFIER
control field Nust
005 - DATE AND TIME OF LATEST TRANSACTION
control field 20170207154041.0
010 ## - LIBRARY OF CONGRESS CONTROL NUMBER
LC control number 2002071377
020 ## - INTERNATIONAL STANDARD BOOK NUMBER
International Standard Book Number 0-471-48697-3
035 ## - SYSTEM CONTROL NUMBER
System control number (DLC) 2002071377
040 ## - CATALOGING SOURCE
Transcribing agency Nust
082 04 - DEWEY DECIMAL CLASSIFICATION NUMBER
Classification number 621.38212
100 1# - MAIN ENTRY--PERSONAL NAME
Personal name Wisely, Dave.
245 10 - TITLE STATEMENT
Title IP for 3G(E-BOOK)
Remainder of title networking technologies for mobile communications /
Statement of responsibility, etc. Dave Wisely, Philip Eardley and Louise Burness.
260 ## - PUBLICATION, DISTRIBUTION, ETC.
Place of publication, distribution, etc. Chichester, West Sussex :
Name of publisher, distributor, etc. Wiley,
Date of publication, distribution, etc. cop. 2002
300 ## - PHYSICAL DESCRIPTION
Extent ix, 295 s. :
Other physical details ill.
650 #7 - SUBJECT ADDED ENTRY--TOPICAL TERM
Topical term or geographic name entry element Computer network protocols
650 #7 - SUBJECT ADDED ENTRY--TOPICAL TERM
Topical term or geographic name entry element Global system for mobile communications.
650 #7 - SUBJECT ADDED ENTRY--TOPICAL TERM
Topical term or geographic name entry element Internetprotokoll
650 #7 - SUBJECT ADDED ENTRY--TOPICAL TERM
Topical term or geographic name entry element Kommunikationsprotokoll
650 #7 - SUBJECT ADDED ENTRY--TOPICAL TERM
Topical term or geographic name entry element Kommunikationsstandarder
650 #7 - SUBJECT ADDED ENTRY--TOPICAL TERM
Topical term or geographic name entry element Mobilt Internet
650 #7 - SUBJECT ADDED ENTRY--TOPICAL TERM
Topical term or geographic name entry element N䴶erksprotokoll
650 #7 - SUBJECT ADDED ENTRY--TOPICAL TERM
Topical term or geographic name entry element TCP/IP (Computer network protocol)
650 #7 - SUBJECT ADDED ENTRY--TOPICAL TERM
Topical term or geographic name entry element Tr夬?ommunikation
650 #7 - SUBJECT ADDED ENTRY--TOPICAL TERM
Topical term or geographic name entry element UMTS
650 #7 - SUBJECT ADDED ENTRY--TOPICAL TERM
Topical term or geographic name entry element Wireless communication systems
650 #7 - SUBJECT ADDED ENTRY--TOPICAL TERM
Topical term or geographic name entry element Wireless Internet
650 #7 - SUBJECT ADDED ENTRY--TOPICAL TERM
Topical term or geographic name entry element Wireless Internet.
651 ## - SUBJECT ADDED ENTRY--GEOGRAPHIC NAME
Geographic name E-BOOK
700 1# - ADDED ENTRY--PERSONAL NAME
Personal name Burness, Louise
700 1# - ADDED ENTRY--PERSONAL NAME
Personal name Eardley, Philip
942 ## - ADDED ENTRY ELEMENTS (KOHA)
Source of classification or shelving scheme
Koha item type Book
Holdings
Withdrawn status Lost status Source of classification or shelving scheme Damaged status Not for loan Collection code Permanent Location Current Location Date acquired Total Checkouts Full call number Barcode Date last seen Price effective from Koha item type
            Military College of Signals (MCS) Military College of Signals (MCS) 12/12/2016   621.38212 WIS MCSEB-2192 12/08/2016 12/12/2016 Book
© 2023 Central Library, National University of Sciences and Technology. All Rights Reserved.